00394nam a2200133Ia 4500003000400000005001700004008004100021040000900062082001700071100002200088245010000110260004100210300000900251OSt20200811143245.0190216s9999||||xx |||||||||||||| ||und|| coclc a311.2bPEA/S aPearson, Frank A  0aStatistical Methods :bApplied To Agricultural Economics /cFrank A Pearson ; Kenneth R Bennett bJohn Wiley & Sons,c1943.aNew York: a443p